[Event "World Championship (rapid) 2015"]
[Site "Berlin GER"]
[Date "2015.10.10"]
[Round "2"]
[White "Salem, A.R. Saleh"]
[Black "Bacrot, Etienne"]
[Result "1-0"]
[WhiteElo "2624"]
[BlackElo "2697"]
[PlyCount "171"]
[EventDate "2015.10.10"]

1. d4 Nf6 2. c4 e6 3. Nf3 b6 4. Nc3 Bb7 5. e3 Be7 6. Bd3 d5 7. cxd5 exd5 8. O-O
O-O 9. b3 a6 10. Bb2 Nbd7 11. Ne5 Bd6 12. f4 Ne4 13. Nxe4 dxe4 14. Be2 Nf6 15.
a3 Nd5 16. Qd2 Re8 17. Nc4 Bf8 18. Rac1 f6 19. Rc2 a5 20. Bc1 Kh8 21. Qe1 c5
22. dxc5 Bxc5 23. Kh1 Rc8 24. Bd2 Qe7 25. Qc1 Ba6 26. Rd1 Bxa3 27. Nxa3 Rxc2
28. Nxc2 Bxe2 29. Re1 Bd3 30. Nd4 Qd7 31. Qb2 Rc8 32. h3 h6 33. Ra1 Kh7 34. Kg1
Rc5 35. Kh2 Rc7 36. Kg1 Rc8 37. Kh1 Rd8 38. f5 Rc8 39. Rc1 Ne7 40. g4 Nc6 41.
Ne6 Be2 42. Be1 Bf3+ 43. Kh2 Kg8 44. Bg3 Nb4 45. Nd4 Nd3 46. Rxc8+ Qxc8 47. Qd2
Nb4 48. Bd6 Kh7 49. Kg3 Nd5 50. Kf2 Qb7 51. Nxf3 Qc6 52. Ba3 exf3 53. Qd3 Nc3
54. Qd4 Nb5 55. Qb2 Qd5 56. Be7 Qe4 57. Bxf6 gxf6 58. Qxf6 Qe8 59. Qxb6 Qd7 60.
Qg6+ Kh8 61. Qxh6+ Kg8 62. Qg6+ Kh8 63. Qf6+ Kg8 64. Qe5 Nc7 65. Qxa5 Qd1 66.
Qxc7 Qe2+ 67. Kg3 f2 68. Qd8+ Kf7 69. Qd7+ Kf8 70. f6 f1=N+ 71. Kh4 Qf2+ 72.
Kg5 Qxe3+ 73. Kg6 Qe4+ 74. Kh6 Qf4+ 75. g5 Qh4+ 76. Kg6 Qe4+ 77. Qf5 Qe8+ 78.
Kh6 Ng3 79. Qg6 Qe6 80. h4 Nf5+ 81. Kh7 Qd7+ 82. Kh8 Qe6 83. Qg7+ Ke8 84. Qg8+
Kd7 85. Qxe6+ Kxe6 86. Kg8 1-0

[Event "World Championship (rapid) 2015"]
[Site "Berlin GER"]
[Date "2015.10.10"]
[Round "2"]
[White "Ponkratov, Pavel"]
[Black "Tomashevsky, Evgeny"]
[Result "1/2-1/2"]
[WhiteElo "2604"]
[BlackElo "2758"]
[PlyCount "64"]
[EventDate "2015.10.10"]

1. d4 d5 2. c4 e6 3. g3 dxc4 4. Bg2 c5 5. Na3 cxd4 6. Nxc4 Bb4+ 7. Bd2 Bxd2+ 8.
Qxd2 Ne7 9. Nf3 Nbc6 10. Rd1 Nf5 11. g4 Nd6 12. Nxd6+ Qxd6 13. Nxd4 Nxd4 14.
Qxd4 Qxd4 15. Rxd4 e5 16. Re4 O-O 17. O-O Be6 18. Rxe5 Rad8 19. Ra5 Rd2 20. b3
Bxg4 21. Bxb7 Bxe2 22. Re1 Bg4 23. Rxa7 h5 24. Bc6 Rc8 25. Bb5 Be6 26. Re2 Rd1+
27. Kg2 Rc5 28. Rxe6 fxe6 29. Bc4 Re1 30. h4 Re4 31. Kg3 Rg4+ 32. Kh3 Rgxc4
1/2-1/2

[Event "World Championship (rapid) 2015"]
[Site "Berlin GER"]
[Date "2015.10.10"]
[Round "2"]
[White "Ponomariov, Ruslan"]
[Black "Motylev, Alexander"]
[Result "1/2-1/2"]
[WhiteElo "2710"]
[BlackElo "2649"]
[PlyCount "50"]
[EventDate "2015.10.10"]

1. e4 c6 2. d4 d5 3. exd5 cxd5 4. c4 Nf6 5. Nc3 Nc6 6. Nf3 e6 7. cxd5 Nxd5 8.
Bd3 Bd6 9. O-O Nce7 10. Qe2 O-O 11. Qe4 Ng6 12. Bg5 f6 13. Bd2 f5 14. Qe2 Ngf4
15. Bxf4 Nxf4 16. Qe3 b6 17. Bc4 Bb7 18. Bxe6+ Kh8 19. d5 Qf6 20. Nb5 Bb8 21.
Rfd1 Qg6 22. Nh4 Qf6 23. Nf3 Qg6 24. Nh4 Qf6 25. Nf3 Qg6 1/2-1/2

[Event "World Championship (rapid) 2015"]
[Site "Berlin GER"]
[Date "2015.10.10"]
[Round "2"]
[White "Bologan, Viktor"]
[Black "Morozevich, Alexander"]
[Result "1-0"]
[WhiteElo "2607"]
[BlackElo "2711"]
[PlyCount "87"]
[EventDate "2015.10.10"]

1. e4 c5 2. Nf3 e6 3. d4 cxd4 4. Nxd4 Nc6 5. Nc3 Qc7 6. Be3 a6 7. Be2 b5 8.
Nxc6 dxc6 9. f4 Bb7 10. Bf3 e5 11. fxe5 Qxe5 12. Bd4 Qg5 13. Qe2 O-O-O 14. Bb6
Re8 15. Be3 Qe5 16. Qf2 Nf6 17. O-O-O Bd6 18. Kb1 Bc7 19. g4 h6 20. h4 Qg3 21.
Qe2 b4 22. Rhg1 Qxh4 23. Na4 Nxe4 24. Qc4 Nd6 25. Qc5 Qf6 26. Bxc6 Rxe3 27.
Bxb7+ Nxb7 28. Qxe3 Qc6 29. Qb3 a5 30. c3 Kb8 31. cxb4 Qe4+ 32. Ka1 Qxb4 33.
Qxb4 axb4 34. Rge1 h5 35. gxh5 Rxh5 36. Re7 Nc5 37. Nxc5 Rxc5 38. Rxf7 g5 39.
Kb1 g4 40. Rd4 g3 41. Rxb4+ Kc8 42. Rg4 Kb8 43. Rg8+ Kb7 44. Rxg3 1-0

[Event "World Championship (rapid) 2015"]
[Site "Berlin GER"]
[Date "2015.10.10"]
[Round "2"]
[White "Kasimdzhanov, Rustam"]
[Black "Eljanov, Pavel"]
[Result "1/2-1/2"]
[WhiteElo "2704"]
[BlackElo "2717"]
[PlyCount "109"]
[EventDate "2015.10.10"]

1. d4 Nf6 2. c4 e6 3. Nf3 d5 4. Nc3 c6 5. Bg5 h6 6. Bxf6 Qxf6 7. e3 g6 8. Be2
Bg7 9. O-O O-O 10. e4 Nd7 11. exd5 exd5 12. cxd5 c5 13. dxc5 Nxc5 14. Rc1 Bf5
15. Nd2 Rfe8 16. Nc4 h5 17. d6 Rad8 18. Nd5 Qg5 19. f4 Qh4 20. Ne5 Rxe5 21. g3
Rxd5 22. Qxd5 Qf6 23. Qxc5 Qxb2 24. Qb5 Bd4+ 25. Kg2 Qxa2 26. Qc4 Qb2 27. Qb5
Qxb5 28. Bxb5 Rxd6 29. Rfd1 a6 30. Rc4 Bc5 31. Rxd6 Bxd6 32. Rd4 Bc5 33. Rd8+
Kg7 34. Bd3 Be6 35. Be4 b6 36. Bc6 Kf6 37. Ra8 Bc4 38. Ra7 a5 39. Kf3 Ke6 40.
Be8 Bd5+ 41. Ke2 Kf6 42. h3 Kg7 43. Bb5 Be6 44. h4 Kf8 45. Bc6 Kg7 46. Be8 Kf6
47. Kf3 Bd5+ 48. Ke2 Kf5 49. Bxf7 Be4 50. Be8 Kg4 51. Rg7 Kxg3 52. Bxg6 Bf3+
53. Kd3 Kxf4 54. Rf7+ Kg3 55. Rxf3+ 1/2-1/2

[Event "World Championship (rapid) 2015"]
[Site "Berlin GER"]
[Date "2015.10.10"]
[Round "2"]
[White "Bogdanovich, Stanislav"]
[Black "Wojtaszek, Radoslaw"]
[Result "1-0"]
[WhiteElo "2590"]
[BlackElo "2734"]
[PlyCount "183"]
[EventDate "2015.10.10"]

1. d4 Nf6 2. c4 e6 3. Nf3 d5 4. g3 Be7 5. Bg2 O-O 6. O-O dxc4 7. Qc2 a6 8. a4
Bd7 9. Qxc4 Bc6 10. Bg5 Bd5 11. Qc2 Be4 12. Qd1 h6 13. Bxf6 Bxf6 14. Nc3 Bh7
15. Qb3 Nc6 16. e3 Na5 17. Qa3 Be7 18. Qa2 Nc6 19. Qc4 Na5 20. Qe2 c5 21. d5
exd5 22. Rad1 d4 23. exd4 c4 24. Ne5 Rc8 25. Bd5 Bb4 26. Qf3 Rc7 27. Rfe1 Qf6
28. Qxf6 gxf6 29. Ng4 Kg7 30. Ne3 Rd8 31. Bg2 Rcd7 32. d5 b5 33. axb5 axb5 34.
Rd4 Nb3 35. Rg4+ Bg6 36. Rd1 h5 37. Rf4 Bd6 38. Rh4 Rb8 39. Bh3 Re7 40. Nf5+
Bxf5 41. Bxf5 Nc5 42. Rxh5 b4 43. Nb1 Nb3 44. Rh4 Re5 45. Bc2 Na5 46. Rdd4 f5
47. Nd2 b3 48. Bb1 Rc8 49. Nf3 c3 50. bxc3 Rxc3 51. Nxe5 Bxe5 52. Rd1 b2 53.
Kf1 Nc4 54. Bxf5 Rc1 55. Ke2 Na3 56. Rb4 Nc4 57. Bd3 Nd6 58. Rd2 Rc5 59. Rdxb2
Bxb2 60. Rxb2 Rxd5 61. h4 Ne8 62. Rb5 Rd6 63. Rg5+ Kf8 64. Be4 Nf6 65. Bf3 Re6+
66. Kf1 Rd6 67. Kg2 Rd4 68. g4 Nh7 69. Rf5 Kg7 70. Kg3 Nf8 71. g5 Ng6 72. Bh5
Nh8 73. Bg4 Ng6 74. Bh5 Nh8 75. Ra5 Rd3+ 76. f3 Rd4 77. Ra3 Rb4 78. f4 Rb5 79.
Rf3 Rc5 80. Kg4 Rc4 81. Ra3 Rb4 82. Ra7 Rc4 83. Ra6 Rb4 84. Rf6 Rb1 85. f5 Rg1+
86. Kf4 Rh1 87. Kg3 Rg1+ 88. Kh2 Rf1 89. Kg2 Rf4 90. Kg3 Rf1 91. Bg4 Ng6 92.
Be2 1-0

[Event "World Championship (rapid) 2015"]
[Site "Berlin GER"]
[Date "2015.10.10"]
[Round "2"]
[White "Khismatullin, Denis"]
[Black "Aronian, Levon"]
[Result "0-1"]
[WhiteElo "2651"]
[BlackElo "2784"]
[PlyCount "90"]
[EventDate "2015.10.10"]

1. d4 Nf6 2. c4 c5 3. d5 g6 4. Nc3 Bg7 5. e4 O-O 6. Be2 b5 7. cxb5 a6 8. e5 Ne8
9. Nf3 d6 10. exd6 Nxd6 11. bxa6 Bxa6 12. O-O Nd7 13. Bxa6 Rxa6 14. Re1 Re8 15.
Bg5 h6 16. Qe2 Qc8 17. Bf4 Nf5 18. Rad1 Rb6 19. h3 Qb7 20. Bc1 Rd8 21. Qd3 Nf6
22. g4 Nd4 23. Nxd4 cxd4 24. Qxd4 Nxd5 25. Qe4 e6 26. Qf3 Rbd6 27. Nxd5 exd5
28. b3 Rf6 29. Qg2 Qb6 30. Rd3 d4 31. g5 Re6 32. Rxe6 Qxe6 33. gxh6 Bf6 34. Rd1
Rd5 35. Qg4 Qe7 36. Kf1 Rf5 37. Re1 Qc5 38. Qe4 Kh7 39. Bf4 Bh4 40. Kg2 d3 41.
Rf1 Qc2 42. Be3 Bg5 43. Bd4 Bxh6 44. b4 Qc4 45. f3 Rf4 0-1

[Event "World Championship (rapid) 2015"]
[Site "Berlin GER"]
[Date "2015.10.10"]
[Round "3"]
[White "Korobov, Anton"]
[Black "Karjakin, Sergey"]
[Result "0-1"]
[WhiteElo "2700"]
[BlackElo "2762"]
[PlyCount "82"]
[EventDate "2015.10.10"]

1. d4 Nf6 2. c4 e6 3. Nc3 Bb4 4. e3 O-O 5. Bd3 d5 6. Nf3 b6 7. O-O Bb7 8. cxd5
exd5 9. a3 Bd6 10. b4 a6 11. Qb3 Qe7 12. Ra2 Nbd7 13. Re2 Rab8 14. e4 dxe4 15.
Rfe1 Qe6 16. Qxe6 fxe6 17. Nxe4 Nxe4 18. Bxe4 Bd5 19. Bd3 Bxf3 20. gxf3 Rxf3
21. Bxa6 b5 22. Rxe6 Nf6 23. R6e3 Rf5 24. Bd2 Kf8 25. Ra1 Ng4 26. Re2 Nxh2 27.
Kg2 Nf3 28. Bc3 Nh4+ 29. Kf1 Ng6 30. a4 Nf4 31. Rc2 Rh5 32. Kg1 Rb6 33. Bc8 Be7
34. f3 Rbh6 35. Rca2 bxa4 36. Bd2 Rh1+ 37. Kf2 R6h2+ 38. Ke3 Bg5 39. Bc3 Rxa1
40. Rxh2 Nd5+ 41. Kd3 Ra3 0-1

[Event "World Championship (rapid) 2015"]
[Site "Berlin GER"]
[Date "2015.10.10"]
[Round "3"]
[White "Anand, Viswanathan"]
[Black "Salem, A.R. Saleh"]
[Result "1/2-1/2"]
[WhiteElo "2803"]
[BlackElo "2624"]
[PlyCount "82"]
[EventDate "2015.10.10"]

1. e4 c5 2. Nf3 d6 3. d4 cxd4 4. Nxd4 Nf6 5. Nc3 a6 6. h3 e6 7. g4 Be7 8. g5
Nfd7 9. h4 Nc6 10. Be3 Rb8 11. Rg1 Nxd4 12. Qxd4 Ne5 13. O-O-O O-O 14. f4 Nc6
15. Qb6 Qd7 16. Bf2 Bd8 17. Qe3 b5 18. Bh3 Bb6 19. Qg3 Qc7 20. h5 b4 21. Ne2
Bxf2 22. Qxf2 a5 23. f5 exf5 24. exf5 Rb5 25. Nf4 b3 26. axb3 Nb4 27. Nd3 a4
28. Nxb4 Rxb4 29. bxa4 Rxa4 30. b3 Ra2 31. Kb1 Qc3 32. Kxa2 Bxf5 33. Bg2 Bxc2
34. Rb1 Rb8 35. Qf3 Qd2 36. Ka3 Qb4+ 37. Ka2 Qd2 38. Ka3 Bxb1 39. Rxb1 Qa5+ 40.
Kb2 Qd2+ 41. Ka3 Qa5+ 1/2-1/2

[Event "World Championship (rapid) 2015"]
[Site "Berlin GER"]
[Date "2015.10.10"]
[Round "3"]
[White "Grischuk, Alexander"]
[Black "Vidit, Santosh Gujrathi"]
[Result "0-1"]
[WhiteElo "2774"]
[BlackElo "2651"]
[PlyCount "52"]
[EventDate "2015.10.10"]

1. d4 Nf6 2. Bf4 g6 3. Nc3 d5 4. Qd2 Bg7 5. O-O-O c6 6. f3 Nbd7 7. Bh6 O-O 8.
h4 e5 9. Bxg7 Kxg7 10. h5 exd4 11. Qxd4 c5 12. Qd2 d4 13. Nb1 Qe7 14. hxg6 fxg6
15. Qh6+ Kg8 16. e4 Ne5 17. Na3 Be6 18. Nh3 c4 19. Rxd4 c3 20. Ng5 Bxa2 21. Bb5
Rac8 22. Ba4 Rfd8 23. Rxd8+ Rxd8 24. Nb1 cxb2+ 25. Kxb2 Qb4+ 26. Kxa2 Nc4 0-1

[Event "World Championship (rapid) 2015"]
[Site "Berlin GER"]
[Date "2015.10.10"]
[Round "3"]
[White "Navara, David"]
[Black "Ivanchuk, Vassily"]
[Result "1/2-1/2"]
[WhiteElo "2734"]
[BlackElo "2726"]
[PlyCount "129"]
[EventDate "2015.10.10"]

1. d4 Nf6 2. c4 e6 3. Nf3 d5 4. Nc3 Be7 5. Bf4 O-O 6. e3 Nbd7 7. Be2 dxc4 8.
O-O a6 9. a4 Nd5 10. Bg3 b6 11. Bxc4 Nxc3 12. bxc3 Bb7 13. Bd3 Bd6 14. Qc2 h6
15. Bh7+ Kh8 16. Be4 Bxe4 17. Qxe4 Nf6 18. Qd3 Bxg3 19. hxg3 c5 20. Rfb1 Qc7
21. Ne5 Rfd8 22. Qc4 Ne4 23. Ra2 Nd6 24. Qd3 Kg8 25. Nc4 cxd4 26. Nxd6 dxe3 27.
Rd1 Rd7 28. fxe3 Rad8 29. Rad2 Rxd6 30. Qxd6 Rxd6 31. Rxd6 Qxc3 32. R1d3 Qa1+
33. Kh2 Qxa4 34. Rxb6 Qa5 35. Rb7 Qh5+ 36. Kg1 Qg6 37. Rd8+ Kh7 38. g4 Qg5 39.
Rd3 Kg6 40. Rb4 Qc5 41. Ra4 Qc2 42. Rda3 Qe2 43. Kh2 f6 44. Kg3 Kg5 45. Ra5+ e5
46. R5a4 Qe1+ 47. Kh2 Kh4 48. Re4 a5 49. Rea4 Qd1 50. Ra2 Qd6 51. Rf2 Kg5 52.
Rf5+ Kg6 53. Rxa5 e4+ 54. Rf4 Kh7 55. Ra7 Kg6 56. Ra4 h5 57. Rd4 Qc7 58. Kh3
Qc8 59. Rfxe4 hxg4+ 60. Rxg4+ Kh5 61. Kg3 Qc7+ 62. Kh3 Qc8 63. Rc4 Qd7 64. Rcd4
Qc8 65. Kg3 1/2-1/2

[Event "World Championship (rapid) 2015"]
[Site "Berlin GER"]
[Date "2015.10.10"]
[Round "3"]
[White "Malakhov, Vladimir"]
[Black "Kramnik, Vladimir"]
[Result "1/2-1/2"]
[WhiteElo "2694"]
[BlackElo "2777"]
[PlyCount "133"]
[EventDate "2015.10.10"]

1. e4 e5 2. Nf3 Nc6 3. Bb5 Nf6 4. d3 Bc5 5. Bxc6 dxc6 6. Nbd2 Be6 7. Nb3 Bb6 8.
O-O Nd7 9. h3 f6 10. d4 O-O 11. dxe5 Nxe5 12. Nxe5 Qxd1 13. Rxd1 fxe5 14. Be3
Bxe3 15. fxe3 b6 16. Nc1 Rfe8 17. Nd3 c5 18. a3 a5 19. Rd2 Bc8 20. Nf2 Bb7 21.
Rad1 Bc6 22. Rd3 Kf7 23. c4 a4 24. R1d2 Ke6 25. Nd1 Bxe4 26. Rd7 Re7 27. Rxe7+
Kxe7 28. Nc3 Bc6 29. e4 Rf8 30. g3 Rf6 31. Kg2 Rd6 32. Rxd6 cxd6 33. h4 Kf6 34.
Kf3 h5 35. Ke3 g5 36. Kd3 gxh4 37. gxh4 Ke7 38. Kc2 Kd8 39. b3 axb3+ 40. Kxb3
Kc7 41. a4 Bd7 42. Nb5+ Kc6 43. Na7+ Kb7 44. Nb5 Ka6 45. Nxd6 Bc6 46. Kc3 Ka5
47. Kd3 Kxa4 48. Nf7 Kb3 49. Nxe5 Be8 50. Nf3 Kb4 51. Ne5 Kb3 52. Nf3 Bf7 53.
Nd2+ Kb4 54. e5 Be6 55. Kc2 Bg4 56. Kd3 Bf5+ 57. Ne4 b5 58. cxb5 Kxb5 59. Ke3
Bxe4 60. Kxe4 Kc6 61. Kf5 Kd7 62. e6+ Ke7 63. Ke5 c4 64. Kd4 Kxe6 65. Kxc4 Kf5
66. Kd4 Kg4 67. Ke3 1/2-1/2

[Event "World Championship (rapid) 2015"]
[Site "Berlin GER"]
[Date "2015.10.10"]
[Round "3"]
[White "Bachmann, Axel"]
[Black "Mamedyarov, Shakhriyar"]
[Result "0-1"]
[WhiteElo "2593"]
[BlackElo "2736"]
[PlyCount "66"]
[EventDate "2015.10.10"]

1. d4 Nf6 2. c4 b6 3. Nc3 Bb7 4. Nf3 d5 5. e3 e6 6. Bd3 a6 7. O-O dxc4 8. Bxc4
b5 9. Be2 Nbd7 10. a3 c5 11. dxc5 Bxc5 12. b4 Be7 13. Bb2 Rc8 14. Qb3 Qb6 15.
Rab1 O-O 16. a4 Bxf3 17. Bxf3 Ne5 18. Be2 Nc4 19. Rbd1 Bd6 20. Ba1 Bb8 21. axb5
axb5 22. g3 Ba7 23. Rd3 Qb7 24. Nb1 e5 25. Rfd1 h5 26. Rc3 h4 27. Bf1 Qf3 28.
Nd2 Nxd2 29. Rxd2 Ne4 30. Rxc8 Rxc8 31. Rc2 Rxc2 32. Qxc2 Nxf2 33. Qe2 Nh3+ 0-1

[Event "World Championship (rapid) 2015"]
[Site "Berlin GER"]
[Date "2015.10.10"]
[Round "3"]
[White "Safarli, Eltaj"]
[Black "Vachier-Lagrave, Maxime"]
[Result "0-1"]
[WhiteElo "2657"]
[BlackElo "2758"]
[PlyCount "92"]
[EventDate "2015.10.10"]

1. e4 c5 2. Nf3 d6 3. d4 cxd4 4. Nxd4 Nf6 5. Nc3 a6 6. Be3 e5 7. Nf3 Be7 8. Nd2
b5 9. a4 b4 10. Nd5 Nxd5 11. exd5 O-O 12. a5 Nd7 13. Nc4 Bg5 14. Bxg5 Qxg5 15.
Qd2 Qg6 16. f3 Nc5 17. Nb6 Ra7 18. Bc4 e4 19. O-O exf3 20. Rxf3 Re7 21. Raf1
Bg4 22. Rf4 Rfe8 23. Qxb4 Bh3 24. R4f2 Ne4 25. Bd3 f5 26. Bxe4 fxe4 27. Re2 e3
28. Rf4 h5 29. Qc3 Bg4 30. Re1 Bh3 31. Re2 Bg4 32. Re1 Bf5 33. Nc4 Be4 34. Re2
Bxd5 35. Qd4 Bc6 36. Nxd6 Rd7 37. Qc4+ Kh7 38. Nxe8 Bb5 39. Qc3 Bxe2 40. Qxe3
Rd1+ 41. Kf2 Bb5 42. Nf6+ Kh8 43. c4 Qc2+ 44. Kf3 Bc6+ 45. Ne4 Rd3 46. Rf8+ Kh7
0-1

[Event "World Championship (rapid) 2015"]
[Site "Berlin GER"]
[Date "2015.10.10"]
[Round "3"]
[White "Gelfand, Boris"]
[Black "Khairullin, Ildar"]
[Result "1/2-1/2"]
[WhiteElo "2741"]
[BlackElo "2652"]
[PlyCount "92"]
[EventDate "2015.10.10"]

1. d4 Nf6 2. c4 e6 3. Nf3 d5 4. g3 Be7 5. Bg2 O-O 6. O-O dxc4 7. Qc2 a6 8. a4
Bd7 9. Qxc4 Bc6 10. Bf4 Bd6 11. Nc3 Bxf4 12. gxf4 a5 13. Ne5 Bxg2 14. Kxg2 c6
15. e3 Qe7 16. Rg1 Nbd7 17. Kh1 Nb6 18. Qe2 Nbd5 19. Rg3 c5 20. Nxd5 exd5 21.
Rag1 g6 22. f5 Ne4 23. R3g2 cxd4 24. exd4 Qh4 25. f3 Nf6 26. fxg6 fxg6 27. Nxg6
hxg6 28. Rxg6+ Kh8 29. Qe7 Qh7 30. Qe5 Ra6 31. Qg5 Ne8 32. Rxa6 bxa6 33. Rg4
Rf5 34. Qd8 Qf7 35. Rg3 Kh7 36. Rh3+ Rh5 37. Rg3 Ng7 38. Qxa5 Nf5 39. Rg2 Ne3
40. Rf2 Rh6 41. Qd2 Qf4 42. b4 Rg6 43. b5 axb5 44. axb5 Kh6 45. Qc1 Rf6 46. Qc8
Rf8 1/2-1/2

[Event "World Championship (rapid) 2015"]
[Site "Berlin GER"]
[Date "2015.10.10"]
[Round "3"]
[White "Motylev, Alexander"]
[Black "Dominguez Perez, Leinier"]
[Result "1/2-1/2"]
[WhiteElo "2649"]
[BlackElo "2732"]
[PlyCount "112"]
[EventDate "2015.10.10"]

1. e4 e5 2. Nf3 Nc6 3. Bb5 Nf6 4. d3 d6 5. O-O Be7 6. c3 O-O 7. Nbd2 a6 8. Ba4
Re8 9. d4 b5 10. Bc2 Bb7 11. Re1 Bf8 12. a3 Nb8 13. b3 Nbd7 14. Bb2 g6 15. a4
Bg7 16. Bd3 c6 17. Bf1 Qb6 18. b4 d5 19. Nxe5 Nxe5 20. dxe5 Nxe4 21. Nxe4 dxe4
22. c4 Bxe5 23. Bxe5 Rxe5 24. Qd6 Re6 25. Qf4 Rae8 26. Rad1 Bc8 27. c5 Qb7 28.
axb5 axb5 29. Rd6 R6e7 30. h4 h5 31. Re3 Bg4 32. Qf6 Re6 33. Rxe6 Rxe6 34. Qd8+
Kh7 35. Ra3 Qe7 36. Ra8 Qxd8 37. Rxd8 Kg7 38. Kh2 Kf6 39. Kg3 Ke7 40. Rd4 Bf5
41. Kf4 Rf6 42. Ke3 Re6 43. Be2 Rf6 44. Bd1 Re6 45. Bb3 Re5 46. Ba2 Be6 47.
Bxe6 Rxe6 48. Rxe4 Rxe4+ 49. Kxe4 Ke6 50. f3 f6 51. g3 g5 52. f4 f5+ 53. Kd4 g4
54. Ke3 Kd5 55. Kd3 Ke6 56. Kd4 Kf6 1/2-1/2

[Event "World Championship (rapid) 2015"]
[Site "Berlin GER"]
[Date "2015.10.10"]
[Round "3"]
[White "Socko, Bartosz"]
[Black "Svidler, Peter"]
[Result "1-0"]
[WhiteElo "2599"]
[BlackElo "2727"]
[PlyCount "108"]
[EventDate "2015.10.10"]

1. e4 c5 2. Nf3 e6 3. d4 cxd4 4. Nxd4 a6 5. Bd3 Bc5 6. Nb3 Be7 7. Qg4 g6 8. Qe2
d6 9. Be3 Nd7 10. N1d2 Ne5 11. f4 Nxd3+ 12. Qxd3 Nf6 13. Nc4 b5 14. Nb6 Bb7 15.
Nxa8 Bxe4 16. Qe2 Qxa8 17. O-O O-O 18. Bd4 Bd5 19. Rfd1 Qc6 20. c3 Nh5 21. Qf2
f6 22. Be3 Ng7 23. Na5 Qc7 24. Bb6 Qd7 25. Rxd5 exd5 26. Rd1 Rc8 27. Qd4 Qe6
28. Qxd5 Qxd5 29. Rxd5 f5 30. Kf2 Nh5 31. Kf3 Nf6 32. Rd1 Kf7 33. Nb3 h5 34.
Bd4 Ne4 35. Nd2 d5 36. Ke3 g5 37. Nf3 g4 38. Ne5+ Ke6 39. Nd3 h4 40. Ra1 h3 41.
gxh3 gxh3 42. Rg1 Bd6 43. Rg6+ Kf7 44. Rg7+ Ke6 45. Rh7 Rg8 46. Rxh3 Rg1 47.
Rh6+ Kf7 48. Be5 Bxe5 49. fxe5 a5 50. Rb6 b4 51. cxb4 axb4 52. Rxb4 Rh1 53. a4
Rxh2 54. Nf4 Rh5 1-0

[Event "World Championship (rapid) 2015"]
[Site "Berlin GER"]
[Date "2015.10.10"]
[Round "3"]
[White "Tomashevsky, Evgeny"]
[Black "Petrosian, Tigran L"]
[Result "1-0"]
[WhiteElo "2758"]
[BlackElo "2625"]
[PlyCount "159"]
[EventDate "2015.10.10"]

1. Nf3 d6 2. d4 Bg4 3. e4 Nf6 4. Nc3 e6 5. Bd3 Be7 6. h3 Bh5 7. Qe2 a6 8. g4
Bg6 9. h4 d5 10. h5 Bxe4 11. Nxe4 dxe4 12. Bxe4 c6 13. Bd3 Nbd7 14. g5 Nd5 15.
Bd2 Qc7 16. O-O-O Nf4 17. Bxf4 Qxf4+ 18. Qe3 Qxe3+ 19. fxe3 O-O-O 20. Rdf1 Rdf8
21. Kd2 g6 22. Ke2 Kd8 23. Rh3 Ke8 24. Rfh1 Rhg8 25. hxg6 hxg6 26. Rh7 Nb6 27.
c3 Nd7 28. e4 Nb6 29. e5 Na4 30. Bc2 Nb6 31. Bb3 Nd5 32. Bxd5 cxd5 33. Ke3 Kd7
34. Kf4 b5 35. a3 a5 36. Ne1 b4 37. axb4 axb4 38. Nd3 bxc3 39. bxc3 Rc8 40.
Rxf7 Rgf8 41. Rhh7 Rxf7+ 42. Rxf7 Rxc3 43. Ne1 Rc8 44. Nf3 Rg8 45. Kg4 Ke8 46.
Rh7 Kf8 47. Nh4 Ke8 48. Ng2 Rf8 49. Nf4 Rf5 50. Nxe6 Kd7 51. Nc5+ Ke8 52. Ne6
Kd7 53. Nf4 Rxg5+ 54. Kf3 Rf5 55. Ke3 Ke8 56. Nxd5 Bd8 57. Ke4 Rf7 58. Rh6 g5
59. e6 Rf8 60. Rg6 Rh8 61. Ke5 Kf8 62. Nf6 Bc7+ 63. Kf5 Bf4 64. d5 Bd6 65. Rxg5
Ba3 66. Rg3 Bd6 67. Rg2 Bb4 68. Rc2 Rh1 69. Rc8+ Ke7 70. Rc7+ Kd8 71. Rd7+ Kc8
72. Rf7 Rf1+ 73. Kg6 Rg1+ 74. Kf5 Rf1+ 75. Ke4 Re1+ 76. Kd4 Ba3 77. Ne4 Rd1+
78. Kc4 Bb2 79. Nd6+ Kb8 80. e7 1-0

[Event "World Championship (rapid) 2015"]
[Site "Berlin GER"]
[Date "2015.10.10"]
[Round "3"]
[White "Agdestein, Simen"]
[Black "Ponomariov, Ruslan"]
[Result "1-0"]
[WhiteElo "2606"]
[BlackElo "2710"]
[PlyCount "143"]
[EventDate "2015.10.10"]

1. d4 Nf6 2. c4 e6 3. Nf3 d5 4. Nc3 c6 5. e3 Nbd7 6. b3 Bd6 7. Be2 O-O 8. O-O
b6 9. Qc2 Bb7 10. e4 dxe4 11. Nxe4 Nxe4 12. Qxe4 Nf6 13. Qc2 c5 14. Bb2 Be4 15.
Qc3 Qc7 16. dxc5 Qxc5 17. Ne5 Rfd8 18. Rad1 Rac8 19. Ng4 Be7 20. Bf3 Qf5 21.
Bxe4 Qxe4 22. h3 a6 23. Rfe1 Qb7 24. Qg3 Nxg4 25. Qxg4 Bf8 26. Rxd8 Rxd8 27.
Rd1 Qc7 28. Rxd8 Qxd8 29. Qd4 Qc7 30. h4 f6 31. Qe4 Qc8 32. h5 Be7 33. Bd4 Bc5
34. h6 Qd7 35. Bxc5 bxc5 36. hxg7 Kxg7 37. Qg4+ Kf8 38. Qh5 Qe7 39. Kf1 f5 40.
Qh6+ Ke8 41. Qf4 Kd7 42. Qb8 Qd6 43. Qb7+ Kd8 44. g3 h5 45. Qf3 Qd2 46. Qa8+
Ke7 47. Qa7+ Kf6 48. Qxc5 Qxa2 49. Qd4+ Ke7 50. Qc5+ Kf7 51. Qc7+ Kg6 52. Qe5
Kf7 53. Qe3 a5 54. Kg2 a4 55. Qa7+ Kf6 56. Qxa4 Qc2 57. Qa1+ e5 58. Qa6+ Kg5
59. Qb7 Kf6 60. Qc6+ Kg5 61. Qf3 Kg6 62. Qe3 e4 63. c5 Kf7 64. b4 Qc4 65. Qg5
Qxb4 66. Qxf5+ Ke7 67. Qxh5 Qd4 68. Qf5 Kd8 69. c6 Kc7 70. Qd7+ Qxd7 71. cxd7
Kxd7 72. Kh3 1-0

[Event "World Championship (rapid) 2015"]
[Site "Berlin GER"]
[Date "2015.10.10"]
[Round "3"]
[White "Eljanov, Pavel"]
[Black "Ponkratov, Pavel"]
[Result "1/2-1/2"]
[WhiteElo "2717"]
[BlackElo "2604"]
[PlyCount "126"]
[EventDate "2015.10.10"]

1. d4 Nf6 2. c4 e6 3. Nf3 c5 4. d5 g6 5. Nc3 Bg7 6. e4 O-O 7. Bd3 exd5 8. exd5
Re8+ 9. Kf1 d6 10. h3 Na6 11. g4 Nc7 12. a4 Na6 13. Kg2 Nb4 14. Bb1 b6 15. Bf4
Ba6 16. Nb5 Bxb5 17. axb5 a6 18. bxa6 b5 19. cxb5 Nfxd5 20. Bc1 Qb6 21. Qa4 Nc7
22. Qa5 Reb8 23. a7 Rb7 24. Qxb6 Rxb6 25. Re1 Rxb5 26. Re7 Rb7 27. Rd7 Bf8 28.
Ng5 Rbxa7 29. Rxa7 Rxa7 30. Nxf7 Nb5 31. Nh6+ Bxh6 32. Rxa7 Bxc1 33. Rb7 Nd4
34. h4 Bxb2 35. h5 Ne6 36. Kf3 gxh5 37. gxh5 h6 38. Kg4 Be5 39. Rxb4 cxb4 40.
Ba2 Kg7 41. Bxe6 Kf6 42. Bb3 Bc3 43. f4 Bd2 44. Kf3 Kf5 45. Bc2+ Ke6 46. Bb3+
d5 47. Ba2 Kd6 48. Bb3 Bc3 49. Ke3 Kc5 50. Ba2 Bb2 51. f5 Kd6 52. Bb3 Bf6 53.
Kf3 Ke5 54. Ba2 Bg5 55. Bb3 Bd8 56. Bc2 d4 57. Bd3 b3 58. Bc4 b2 59. Bd3 Bf6
60. Bb1 Kd5 61. Bd3 Kc5 62. Ke2 Kb4 63. Bb1 Kc3 1/2-1/2

[Event "World Championship (rapid) 2015"]
[Site "Berlin GER"]
[Date "2015.10.10"]
[Round "3"]
[White "Bacrot, Etienne"]
[Black "Anton Guijarro, David"]
[Result "1-0"]
[WhiteElo "2697"]
[BlackElo "2634"]
[PlyCount "89"]
[EventDate "2015.10.10"]

1. d4 Nf6 2. c4 e6 3. Nf3 b6 4. g3 Bb7 5. Bg2 Be7 6. O-O O-O 7. Re1 c5 8. d5
exd5 9. Nh4 Ne4 10. cxd5 Bxh4 11. Bxe4 Bf6 12. Nc3 d6 13. Qc2 h6 14. Bg2 Nd7
15. e4 Re8 16. h3 a6 17. Be3 b5 18. f4 b4 19. Na4 Rc8 20. Rad1 c4 21. Bf2 a5
22. h4 c3 23. bxc3 Bxc3 24. Nxc3 Rxc3 25. Qa4 Nc5 26. Bxc5 dxc5 27. Kh2 g5 28.
hxg5 hxg5 29. f5 Kg7 30. e5 Rh8+ 31. Kg1 Rxg3 32. f6+ Kg8 33. Qc2 c4 34. Qf2
Rxg2+ 35. Qxg2 Rh6 36. Re3 Qb6 37. Kf2 c3 38. Rh1 c2 39. Qxg5+ Rg6 40. Qh4 Kf8
41. Qh8+ Rg8 42. Qh6+ Ke8 43. e6 Qc5 44. Qg7 Rf8 45. e7 1-0

[Event "World Championship (rapid) 2015"]
[Site "Berlin GER"]
[Date "2015.10.10"]
[Round "3"]
[White "Andreikin, Dmitry"]
[Black "Romanov, Evgeny"]
[Result "1/2-1/2"]
[WhiteElo "2720"]
[BlackElo "2573"]
[PlyCount "62"]
[EventDate "2015.10.10"]

1. d4 Nf6 2. Bf4 d5 3. e3 c5 4. c3 Nc6 5. Nd2 g6 6. h3 Nd7 7. e4 cxd4 8. exd5
dxc3 9. dxc6 cxd2+ 10. Bxd2 bxc6 11. Bc3 e5 12. Nf3 Qe7 13. Qa4 Bg7 14. Qxc6
Rb8 15. O-O-O O-O 16. Qd6 Qd8 17. Bc4 Rb6 18. Qa3 Qc7 19. Nd2 Bh6 20. Be2 Nc5
21. Kb1 Ba6 22. Bxa6 Rxa6 23. Qb4 Na4 24. Nb3 Rb8 25. Rd7 Nxc3+ 26. bxc3 Rxb4
27. Rxc7 Rba4 28. Nc5 Rb6+ 29. Nb3 Rba6 30. Nc5 Rb6+ 31. Nb3 Rba6 1/2-1/2